[Event "ARM-ch Rapid 2019"]
[Site "Yerevan"]
[Date "2019.01.23"]
[Round "6.2"]
[White "Martirosyan, Haik M."]
[Black "Chibukhchian, Artur"]
[Result "1-0"]
[WhiteElo "2607"]
[BlackElo "2384"]
[Annotator "RC"]
[PlyCount "40"]
[EventDate "2019.01.22"]
[EventType "tourn"]
[EventCountry "ARM"]
[TimeControl "40/5400+30:1800+30"]
[WhiteClock "0:00:44"]
[BlackClock "0:10:02"]

1. e4 {[%emt 1:15:15]} c5 {[%emt 1:23:41]} 2. Nf3 {[%emt 0:00:24]} Nc6 {[%emt 0:00:22]} 3. Bb5 {[%emt 0:00:26]} e6 {[%emt 0:00:35]} 4. O-O {[%emt 0:00:37]} Nge7 {[%emt 0:00:21]} 5. Re1 {[%emt 0:00:28]} a6 {[%emt 0:00:21]} 6. Bf1 {[%emt 0:00:26]} d5 {[%emt 0:00:26]} 7. exd5 {[%emt 0:00:24]} Nxd5 {[%emt 0:00:22]} 8. d4 {[%emt 0:01:05]} Nf6 {[%emt 0:00:33]} 9. Be3 {[%emt 0:01:26]} b6 {[%emt 0:01:18]} 10. dxc5 {[%emt 0:00:47]} Bxc5 {[%emt 0:01:26]} 11. Qxd8+ {[%emt 0:00:33]} Kxd8 {[%emt 0:01:36]} 12. Bxc5 {[%emt 0:00:23]} bxc5 {[%emt 0:00:21]} 13. Nbd2 {[%emt 0:00:43]} Ke7 {[%emt 0:00:59]} 14. Nb3 {[%emt 0:01:38]} Nd7 {[%emt 0:01:16]} 15. Rad1 {[%emt 0:00:35]} Bb7 {[%emt 0:00:38]} 16. Ng5 {[%emt 0:00:45]} Rac8 {[%emt 0:00:48]} 17. Nxf7 {[%emt 0:00:28]} Rhf8 {[%emt 0:01:01]} 18. Bc4 {[%emt 0:02:48]} Rxf7 {[%emt 0:00:36]} 19. Bxe6 {[%emt 0:00:22]} Nde5 {[%emt 0:01:41]} 20. Bxf7 {[%emt 0:00:25]} Kxf7 {[%emt 0:00:55]} 1-0

[Event "ARM-ch Rapid 2019"]
[Site "Yerevan"]
[Date "2019.01.23"]
[Round "6.3"]
[White "Petrosyan, Manuel"]
[Black "Hakobyan, Aram"]
[Result "0-1"]
[WhiteElo "2579"]
[BlackElo "2545"]
[Annotator "TA"]
[PlyCount "114"]
[EventDate "2019.01.22"]
[EventType "tourn"]
[EventCountry "ARM"]

{[%evp 17,114,1,11,-18,-18,-16,-16,-25,-25,-36,-35,-40,-12,-16,12,6,19,0,0,-2,16,11,26,0,15,5,0,8,14,0,0,0,0,0,0,0,0,0,0,0,0,0,41,37,38,25,19,13,25,17,8,0,0,-31,9,0,9,-15,-18,-7,-27,-302,-298,-285,0,0,0,0,0,0,0,0,0,-8,0,-5,-8,-7,-15,-240,-234,-439,-439,-448,-448,-502,-502,-462,-487,-484,-469,-455,-437,-5450,-5064,-29993,-29994,-29994,-29995]} 1. c4 g6 2. g3 Bg7 3. Bg2 Nf6 4. e4 d6 5. Nc3 O-O 6. Nge2 c5 7. O-O Nc6 8. d3 Ne8 9. h3 {A36: Symmetrical English vs ...g6: 4 Bg2 Bg7} (9. Be3 Nd4 10. Rb1 Nc7 11. b4 Nce6 12. bxc5 dxc5 13. f4 Nxe2+ 14. Nxe2 b6 15. e5 Rb8 16. g4 Bb7 17. Bxb7 Rxb7 18. f5 Nc7 {1-0 (58) Vachier Lagrave,M (2789)-Zhao,J (2604) Riadh 2017}) 9... Rb8 {LiveBook: 30 Games} 10. f4 Nc7 11. Be3 {The position is equal.} b5 {next ...bxc4 is good for Black.} 12. Qd2 Nd4 13. Rad1 $146 ({Predecessor:} 13. Rae1 a5 14. Kh2 Ba6 15. b3 Bc8 16. cxb5 Ncxb5 17. Nxb5 Rxb5 {½-½ (55) Shetty,A (2341)-Adithya,B (2311) Rockville 2013}) 13... a5 14. Kh2 Ba6 (14... e6 {looks sharper.} 15. b3 b4 16. Na4 Bd7 17. Rde1 e5) 15. b3 Nxe2 16. Nxe2 a4 17. Qc2 Qd7 18. f5 axb3 19. axb3 Bb7 20. Nc3 Bc6 21. Nd5 Bxd5 22. exd5 Ra8 23. d4 bxc4 24. dxc5 cxb3 25. Qxb3 Rab8 $1 {[%cal Rb8b3]} 26. Qc4 dxc5 27. d6 exd6 28. f6 Bh8 29. Bxc5 Ne8 30. Bd4 {[%mdl 1024] White has compensation.} Qd8 {[%cal Rh8f6]} 31. Qc3 Rc8 {[%cal Bb8c8,Bc8c4,Bc4a4,Ba4a5][%mdl 32]} 32. Qf3 Rc4 33. Ba1 Ra4 34. Rf2 Ra5 35. Rdf1 d5 36. Bd4 Nc7 37. Qe3 Re8 38. Qh6 Ne6 39. Rf4 $2 {[%mdl 8192]} (39. Bc3 $11) 39... Nxf4 $19 40. Rxf4 {[#] Threatens to win with Rh4.} Ra6 $2 ({Black should play} 40... Re2 $19 41. Rh4 Bxf6 42. Qxh7+ Kf8) 41. Rh4 $11 Bxf6 42. Qxh7+ Kf8 43. Bc5+ Rd6 44. Ra4 {Hoping for Bxd5.} Be5 $1 45. Bxd5 {[%csl Gd5][%cal Rh7f7]} Qf6 46. Bxd6+ Bxd6 47. Qh6+ $1 Kg8 {( -> ...Qf2+)} 48. Bg2 $2 (48. Qd2 $1 $11 {and White is okay.}) 48... Qf2 $40 {[%mdl 128] Black wants a kill.} 49. Rg4 $2 (49. Qh4) 49... Bc5 {[%csl Gc5][%cal Rf2g1]} ({And not} 49... Re2 {[#]} 50. Rxg6+ $1 {[%mdl 512]} fxg6 51. Qxg6+ Kh8 52. Qh6+ Kg8 53. Qg6+ Kf8 54. Qxd6+ Kg7 55. Qd7+ Kh8 56. Qb7 $11) 50. h4 Re2 {[%csl Ge2][%cal Rf2g2]} 51. Rxg6+ fxg6 52. Qxg6+ Kf8 {[%csl Ge2][%cal Rf2g2]} 53. Qh6+ Ke7 {[%csl Ge2][%cal Rf2g2]} 54. Qg5+ Kd7 {[%csl Ge2][%cal Rf2g2]} 55. Qd5+ (55. Qg4+ $142 Kc7 56. Qf4+ Qxf4 57. gxf4) 55... Bd6 56. Qb7+ Kd8 57. Qa8+ Ke7 {Accuracy: White = 26%, Black = 66%.} 0-1

[Event "ARM-ch Rapid 2019"]
[Site "Yerevan"]
[Date "2019.01.23"]
[Round "6.4"]
[White "Yegiazarian, Arsen"]
[Black "Sargsyan, Shant"]
[Result "0-1"]
[WhiteElo "2399"]
[BlackElo "2486"]
[Annotator "TA"]
[PlyCount "78"]
[EventDate "2019.01.22"]
[EventType "tourn"]
[EventCountry "ARM"]

{[%evp 16,78,8,0,0,0,0,0,0,0,0,0,0,-70,-75,-69,-38,-42,-33,-47,-29,-31,-29,-34,-31,-35,-26,-42,-25,-60,-16,-32,0,-3,0,0,0,0,0,-175,-166,-216,-219,-213,-209,-219,-219,-212,-210,-232,-232,-281,-283,-307,-276,-281,-281,-300,-281,-281,-280,-272,-272,-272,-265]} 1. d4 Nf6 2. c4 g6 3. Nc3 d5 4. cxd5 Nxd5 5. Na4 Bg7 6. e4 Nb6 7. Be3 O-O 8. Nf3 Bg4 9. Nc5 Nc6 {D85: Exchange Grünfeld: Unusual White 7th moves and lines with 7 Nf3} 10. Nxb7 Qc8 (10... Qb8 11. Ba6 Nb4 12. Nc5 Bxf3 13. gxf3 Bxd4 14. Bxd4 Rd8 15. O-O Nxa6 16. Nxa6 Qc8 17. Nxc7 Qxc7 18. Bxb6 axb6 {½-½ (50) Van Wely,L (2676)-Chatalbashev,B (2556) Germany 2016}) 11. Nc5 Bxf3 {The position is equal.} 12. Qxf3 Nxd4 13. Qd1 a5 $146 ({Predecessor:} 13... Qd8 14. Rc1 Qd6 15. Ba6 Nc6 16. Qxd6 cxd6 17. Nd3 Nd4 18. Rc7 f5 19. exf5 Nxf5 20. Bg5 e6 21. O-O h6 {1-0 (21) Luehrig,W (2009)-Svartbo,M (1283) IECG email 2001}) 14. Be2 (14. Bxd4 $11 Rd8 15. e5) 14... Rd8 $1 $15 15. Bxd4 Bxd4 16. Qc2 a4 {[#] ...a3 is the strong threat.} 17. Rc1 Ra5 18. b4 axb3 19. Nxb3 Ra7 20. O-O Bf6 21. Nc5 Qa8 $36 {[%mdl 2048] Black has good play.} 22. a4 $1 Kg7 23. Bf3 {Hoping for e5!} Be5 24. Nd3 Bd4 25. e5 Qc8 26. Nb4 {Threatens to win with Nc6.} Rxa4 27. Nd5 $2 (27. Nc6 $11 {and White has nothing to worry.}) 27... Rc4 $19 28. Nxb6 Rxc2 29. Nxc8 {[#]} Bxf2+ $1 {[%mdl 512]} 30. Kh1 (30. Rxf2 Rxc1+) 30... Rxc1 31. Rxc1 Rxc8 {[%mdl 4096] Endgame KRB-KRB} 32. Bg4 e6 33. Bf3 c5 {Black has a decisive advantage.} 34. g3 Bd4 35. Re1 c4 36. Re4 c3 37. Bd1 c2 38. Bxc2 Rxc2 39. Rxd4 Re2 {Accuracy: White = 41%, Black = 77%.} 0-1

[Event "ARM-ch Rapid 2019"]
[Site "Yerevan"]
[Date "2019.01.23"]
[Round "6.5"]
[White "Alaverdyan, Gevorg"]
[Black "Ter-Sahakyan, Samvel"]
[Result "0-1"]
[WhiteElo "2261"]
[BlackElo "2574"]
[Annotator "TA"]
[PlyCount "68"]
[EventDate "2019.01.22"]
[EventType "tourn"]
[EventCountry "ARM"]

{[%evp 13,68,0,3,-8,-7,-8,39,-25,-16,-66,-24,-33,-24,-77,-74,-87,-77,-95,-86,-107,-103,-163,-98,-95,-93,-101,-102,-118,-119,-105,-82,-455,-466,-563,-553,-761,-781,-1229,-752,-827,-806,-1668,-1075,-1060,-1064,-1061,-1054,-1049,-1028,-1067,-1052,-1197,-1183,-29998,-1004,-1218,-1211]} 1. Nf3 d5 2. g3 Nf6 3. Bg2 e6 4. O-O Be7 5. d3 O-O 6. Nbd2 a5 {[%cal Ba7a5,Ba5a4,Ba4a3][%mdl 32] A07: Réti Opening: New York and Capablanca Systems} 7. e4 a4 {LiveBook: 30 Games} 8. Qe2 $146 ({Predecessor:} 8. a3 c5 9. Re1 Nc6 10. e5 Nd7 11. Nf1 f6 12. exf6 Nxf6 13. Bf4 Bd6 14. Ne5 {0-1 (36) Amin,B (2710)-Aronian,L (2765) St Petersburg 2018}) 8... a3 {The position is equal.} 9. b3 Nc6 10. Rd1 (10. e5 $14) 10... e5 11. h3 Bb4 {...Bc3 is the strong threat.} 12. Nb1 d4 $36 {[%mdl 2048] Black has some pressure.} 13. Nh2 (13. Bd2 $11) 13... Ne8 14. f4 Nd6 15. Nf3 f6 16. Kh2 Nb5 17. Rg1 {[#]} (17. Bd2 $17) 17... Nc3 ({Black should play} 17... Bc3 $1 $19 {[%cal Rc3a1]} 18. Nxc3 Nxc3) 18. Qf2 $17 f5 19. exf5 Bxf5 ({Much worse is} 19... e4 $6 20. dxe4 Nxe4 21. Qe2 $11) 20. fxe5 Be6 21. Bf4 Nd5 {[%cal Bc3d5,Bd5f4,Bf4g2][%mdl 32]} 22. Nxd4 $2 {[%mdl 8192]} (22. Nbd2 $17 {is tougher.}) 22... Nxf4 $19 23. Nxc6 Nxg2 24. Qe2 bxc6 25. c3 Bc5 26. d4 {[#]} Bxd4 $1 27. Rd1 (27. cxd4 Qxd4) 27... Rf2 28. Qxf2 Bxf2 29. Rxd8+ Rxd8 30. Kxg2 Bc5 31. b4 Bb6 32. Nxa3 Rd2+ {[%mdl 64] Double Attack} 33. Kf3 Rd3+ (33... Rf2+ $142 34. Ke4 Bf5#) 34. Kf4 Rxc3 {Accuracy: White = 29%, Black = 78%.} 0-1

[Event "ARM-ch Rapid 2019"]
[Site "Yerevan"]
[Date "2019.01.23"]
[Round "6.6"]
[White "Harutyunian, Tigran K."]
[Black "Danielyan, Vahe"]
[Result "1-0"]
[WhiteElo "2542"]
[BlackElo "2186"]
[Annotator "TA"]
[PlyCount "77"]
[EventDate "2019.01.22"]
[EventType "tourn"]
[EventCountry "ARM"]

{[%evp 13,77,46,52,51,57,45,53,41,46,30,54,21,34,25,38,30,33,28,45,40,60,12,46,40,209,204,202,204,343,332,335,317,331,293,289,228,387,363,506,515,462,503,620,618,721,712,652,568,700,693,724,663,658,628,635,647,700,700,813,581,1109,1158,1178,1294,942,563]} 1. d4 d6 2. Nf3 Bg4 3. g3 Bxf3 4. exf3 Nf6 (4... g6 5. Bg2 Bg7 6. f4 c6 7. O-O e6 8. c3 Ne7 9. Re1 O-O 10. Nd2 Nd7 11. Nf3 Qc7 12. Be3 c5 13. dxc5 Nxc5 {0-1 (26) Sokolov,A (2532)-Svidler,P (2737) St Petersburg 2018}) 5. Bg2 g6 6. O-O {A41: 1 d4 d6: Tartakower System and Modern Defence} Bg7 7. f4 c6 {LiveBook: 3 Games} 8. Re1 {White is slightly better.} O-O 9. Nd2 {[%cal Bb1d2,Bd2f3,Bf3e5][%mdl 32]} Nbd7 10. Nf3 Re8 11. c3 Qb6 12. Qb3 $146 ({Predecessor:} 12. Qc2 e6 {1-0 (56) Vidit,S (2602)-Bhakti,K (2231) Pune 2014}) 12... Qc7 13. a4 d5 14. a5 e6 15. Ne5 Rac8 16. Be3 Red8 17. Ra4 (17. f5 $5) 17... Ne8 18. c4 f6 $2 (18... dxc4 $14 19. Nxc4 Ndf6) 19. cxd5 $18 cxd5 {[#]} 20. Bxd5 $1 {[%mdl 512]} fxe5 (20... Nxe5 {is a better defense.} 21. Bxe6+ {[%mdl 64] Double Attack} Nf7) (20... exd5 21. Qxd5+) 21. Bxe6+ Kh8 22. fxe5 b5 23. Qxb5 Rb8 24. Qa6 {Strongly threatening Rc1.} Rxb2 $2 (24... Nf8 {was called for.} 25. Ba2 Qc2) 25. Rc4 Nb8 26. Rxc7 {White is clearly winning.} Nxa6 27. Rxa7 Nb4 28. Rb7 Ra8 29. Rc1 Bf8 30. Bf7 Ng7 31. Bg5 Nf5 32. Rcc7 Na6 33. Rxb2 Nxc7 34. Rb7 Ne8 35. Rd7 Neg7 {[#]} 36. a6 $1 {[%cal Ba5a6,Ba6a7][%mdl 544]} Ne8 (36... Rxa6 37. g4) 37. a7 h6 38. Bxg6 Nxd4 39. Be4 {Accuracy: White = 52%, Black = 30%.} 1-0

[Event "ARM-ch Rapid 2019"]
[Site "Yerevan"]
[Date "2019.01.23"]
[Round "6.7"]
[White "Vardanian, Haik G."]
[Black "Mikaelyan, Arman"]
[Result "0-1"]
[WhiteElo "2357"]
[BlackElo "2474"]
[Annotator "TA"]
[PlyCount "76"]
[EventDate "2019.01.22"]
[EventType "tourn"]
[EventCountry "ARM"]

{[%evp 9,76,-45,-42,-35,-40,-36,-29,-23,-25,-125,-101,-135,-124,-278,-259,-267,-252,-246,-202,-214,-187,-197,-174,-174,-173,-167,-172,-178,-172,-179,-180,-181,-192,-200,-215,-326,-327,-323,-326,-338,-331,-480,-442,-560,-558,-541,-560,-652,-640,-630,-596,-926,-888,-834,-806,-1022,-1019,-1000,-976,-1570,-1673,-1459,-1189,-5775,-5231,-29991,-29992,-29994,-29995]} 1. c4 g6 2. h4 (2. g3 c5 3. Bg2 Bg7 4. Nc3 Nc6 5. Nf3 d6 6. O-O e6 7. e3 Nge7 8. d4 O-O 9. Re1 Rb8 10. b3 cxd4 11. Nxd4 Nxd4 12. exd4 Nf5 13. Be3 Nxe3 14. Rxe3 a6 15. Rc1 Bh6 16. f4 Bg7 {1-0 (37) Carlsen,M (2835)-Svidler,P (2737) St Petersburg 2018}) 2... Nf6 3. b3 Bg7 4. Bb2 d6 $146 ({Predecessor:} 4... O-O 5. e3 d5 6. Nh3 Bg4 7. Be2 Bxe2 8. Qxe2 Nc6 9. d4 e5 10. dxe5 {1-0 (33) Rakhmanov,A (2647)-Vocaturo,D (2590) Groningen 2014}) 5. Qc2 e5 6. d3 {A10: English Opening: Unusual Replies for Black} Nc6 7. Nf3 a5 8. a3 {Black has an edge.} O-O 9. e4 (9. e3 $11) 9... Nh5 10. Nc3 Bg4 $36 {[%mdl 2048] Black is in control.} 11. Nd5 $2 {[#]} (11. Ne2 $17 {was worth a try.}) 11... Bxf3 $1 $19 12. gxf3 {[#]} Nd4 $1 {[%cal Rd4c2]} 13. Qd1 c6 14. Ne3 Qb6 15. Bxd4 exd4 16. Ng2 f5 17. Be2 Rae8 18. Rb1 Qc5 19. b4 axb4 20. axb4 Qe5 21. Qd2 fxe4 22. dxe4 (22. fxe4 $142 Ng3 23. fxg3 Qxg3+ {[%mdl 64] Double Attack} 24. Kd1 Qxg2 25. Qe1) 22... d5 23. cxd5 cxd5 24. O-O Nf4 ({Resist} 24... dxe4 25. fxe4 Nf4 26. Rb3 $19) 25. Rb3 (25. Rbe1 $142) 25... Bh6 {...Nh3+ is the strong threat.} 26. Qd1 Nh3+ 27. Kh1 dxe4 28. f4 Nxf4 29. Nxf4 Rxf4 30. Bc4+ Kh8 31. Rh3 d3 32. h5 Qf5 33. Rh2 g5 34. Rg2 Bg7 {aiming for ...Rh4+.} 35. Rg3 h6 36. Re1 Rf8 {( -> ...Rh4+)} 37. f3 exf3 {[%mdl 64] Discovered Attack} 38. Qxd3 Rh4+ {[%mdl 64] Double Attack. Accuracy: White = 39%, Black = 79%.} 0-1

[Event "ARM-ch Rapid 2019"]
[Site "Yerevan"]
[Date "2019.01.23"]
[Round "6.8"]
[White "Pashikian, Arman"]
[Black "Manukyan, Sargis V."]
[Result "0-1"]
[WhiteElo "2599"]
[BlackElo "2282"]
[Annotator "TA"]
[PlyCount "102"]
[EventDate "2019.01.22"]
[EventType "tourn"]
[EventCountry "ARM"]

{[%evp 23,102,57,75,50,80,58,83,47,86,68,77,81,103,106,119,94,120,108,146,151,145,141,132,134,144,149,147,133,150,118,137,126,119,4,4,4,9,0,41,-6,113,-144,-7,-189,-131,-1008,-735,-733,-709,-743,-729,-743,-712,-775,-761,-699,-693,-1071,-1094,-1100,-1100,-1629,-1826,-29975,-6011,-6107,-5531,-29986,-29987,-29986,-1637,-29990,-5539,-29991,-29980,-29990,-29991,-29991,-29992,-29992,-29993]} 1. d4 Nf6 2. Nf3 c5 3. d5 g6 4. Nc3 Bg7 5. e4 d6 6. Bb5+ Bd7 7. a4 O-O 8. O-O Na6 9. Re1 Nc7 10. Bf1 Bg4 11. h3 Bxf3 12. Qxf3 Nd7 {LiveBook: 12 Games. A43: Schmid Benoni} (12... a6 13. Bd2 Nd7 14. a5 e6 15. Na4 Nb5 16. c3 Re8 17. dxe6 fxe6 18. Qd1 Qc7 19. Qb3 Qc6 20. Bc4 {1-0 (52) Bosiocic,M (2597)-Kislinsky,A (2516) Tsaghkadzor 2017}) 13. Bf4 Rb8 14. Qe3 Re8 {White is slightly better.} 15. Bh6 Bd4 16. Qd2 a6 17. a5 $146 ({Predecessor:} 17. b4 e6 18. Rad1 Qh4 19. Be3 Bxe3 20. Rxe3 cxb4 21. dxe6 Nxe6 {0-1 (31) Budisavljevic,L (2097)-Milosevic,M (2249) Belgrade 2017}) 17... b5 18. axb6 $1 Rxb6 19. Nd1 Qb8 20. c3 Bh8 21. Ra2 Nf6 22. f3 e6 23. dxe6 Rxe6 24. Ne3 d5 25. exd5 Ncxd5 26. Nxd5 Nxd5 27. Rxe6 fxe6 28. Rxa6 (28. Bxa6 $16 {Strongly threatening Bc4.} Bg7 29. Bxg7 Kxg7 30. Qf2) 28... Rxb2 $11 29. Qe1 {[%cal Re1e6]} Rb6 $1 30. Qa1 Nc7 ({Don't blunder} 30... Nxc3 $2 31. Rxb6 Qd8 32. Qa7 $18) 31. Ra7 {Threatens to win with Qa4.} Be5 (31... Rb1 $11 {remains equal.} 32. Qa5 {[%mdl 64] Double Attack} Be5) 32. Qa5 $2 {[%mdl 8192]} (32. f4 $1 $16 {[%cal Rf4e5] and life is bright.} Bf6 33. Qa5) 32... Rb1 (32... Bh2+ $1 $17 33. Kh1 Bg3) 33. Qa4 $2 (33. f4 $11 {and White stays safe.} Bd6 34. Kf2) 33... Bxc3 $19 34. Qd7 $2 {[%mdl 8192]} (34. Qf4 $17 Bd4+ 35. Kh2) 34... Bd4+ 35. Kh2 Nb5+ {[%mdl 64] Discovered Attack} 36. f4 Nxa7 37. Qxe6+ Kh8 38. Bc4 Rb6 39. Qf7 Rb7 40. Qd5 Nb5 41. Bg5 Nd6 42. Ba2 Nf7 43. Bh4 Ra7 (43... Qxf4+ $142 44. Bg3 {[#]} Qe3 $1 {[%mdl 512]} 45. h4 Qg1+ 46. Kh3 Qh1+ 47. Bh2 h5 $1 {[%mdl 512]} 48. Bc4 Bg1 $1 {[%mdl 512]} 49. Kg3 Bxh2+ 50. Kf3 Ne5+ 51. Qxe5+ Bxe5 52. Ke4 Qxh4+ 53. g4 Qxg4+ 54. Kd3 Rb2 55. Ke3 Qf4+ 56. Kd3 Qf3#) 44. Bg3 Qb2 45. Bc4 Qc1 {[%csl Gd4][%cal Rc1g1]} 46. h4 Qe3 (46... Qg1+ $142 47. Kh3 Qh1+ 48. Bh2 Bg1 49. Kg4 Qxh2 50. Qd2 Ra3 51. Qb2+ Bd4 52. Qb8+ Kg7 53. Qg8+ Kxg8 54. Bxf7+ Kxf7 55. Kg5 Qg3+ 56. Kh6 Qxh4#) 47. h5 Kg7 (47... Ra3 $142 48. Bb3 Rxb3 49. Bf2 Qxf4+ 50. g3 Qxf2+ 51. Qg2 Rxg3 52. Qxf2 Bxf2 53. Kh1 Ne5 54. h6 Rg1+ 55. Kh2 Nf3+ 56. Kh3 Rg3#) 48. Qc6 Re7 {Black mates.} 49. Qd5 Qg1+ 50. Kh3 Qh1+ 51. Bh2 Bg1 {Accuracy: White = 28%, Black = 42%.} 0-1

[Event "ARM-ch Rapid 2019"]
[Site "Yerevan"]
[Date "2019.01.23"]
[Round "6.9"]
[White "Hayrapetyan, Arman Ash."]
[Black "Vardanyan, Haik A."]
[Result "1-0"]
[WhiteElo "2375"]
[BlackElo "1953"]
[PlyCount "101"]
[EventDate "2019.01.22"]
[EventType "tourn"]
[EventCountry "ARM"]
[TimeControl "40/5400+30:1800+30"]
[WhiteClock "0:00:41"]
[BlackClock "0:01:26"]

1. e4 {[%emt 1:15:27]} e6 {[%emt 1:15:24]} 2. d4 {[%emt 0:00:40]} d5 {[%emt 0:00:22]} 3. exd5 {[%emt 0:00:22]} exd5 {[%emt 0:00:21]} 4. c4 {[%emt 0:00:21]} c6 {[%emt 0:00:21]} 5. Nc3 {[%emt 0:00:22]} Nf6 {[%emt 0:00:21]} 6. Bd3 {[%emt 0:00:23]} Be7 {[%emt 0:00:26]} 7. Nf3 {[%emt 0:00:23]} O-O {[%emt 0:00:22]} 8. h3 {[%emt 0:00:28]} dxc4 {[%emt 0:00:54]} 9. Bxc4 {[%emt 0:00:21]} Bf5 {[%emt 0:00:54]} 10. O-O {[%emt 0:00:23]} Nbd7 {[%emt 0:00:22]} 11. Re1 {[%emt 0:00:23]} Nb6 {[%emt 0:00:53]} 12. Bb3 {[%emt 0:00:21]} Nbd5 {[%emt 0:01:26]} 13. Ne5 {[%emt 0:00:23]} Re8 {[%emt 0:05:46]} 14. Bg5 {[%emt 0:00:42]} h6 {[%emt 0:00:55]} 15. Bh4 {[%emt 0:00:22]} Be6 {[%emt 0:01:47]} 16. Qd2 {[%emt 0:12:41]} Qc8 {[%emt 0:02:08]} 17. Rad1 {[%emt 0:00:43]} Nxc3 {[%emt 0:00:56]} 18. bxc3 {[%emt 0:00:23]} Bxb3 {[%emt 0:00:27]} 19. axb3 {[%emt 0:00:22]} Qf5 {[%emt 0:01:21]} 20. g4 {[%emt 0:01:01]} Qh7 {[%emt 0:00:50]} 21. Bxf6 {[%emt 0:01:37]} Bxf6 {[%emt 0:00:24]} 22. f4 {[%emt 0:00:21]} Rad8 {[%emt 0:00:52]} 23. Kg2 {[%emt 0:00:28]} g5 {[%emt 0:00:52]} 24. Nd7 {[%emt 0:02:34]} Qg7 {[%emt 0:00:22]} 25. Rxe8+ {[%emt 0:00:22]} Rxe8 {[%emt 0:00:21]} 26. f5 {[%emt 0:00:23]} Re7 {[%emt 0:00:32]} 27. Nxf6+ {[%emt 0:00:47]} Qxf6 {[%emt 0:00:30]} 28. Re1 {[%emt 0:00:30]} Qd6 {[%emt 0:00:35]} 29. Rxe7 {[%emt 0:00:22]} Qxe7 {[%emt 0:00:21]} 30. Kf3 {[%emt 0:00:20]} Qd6 {[%emt 0:00:27]} 31. c4 {[%emt 0:00:26]} b5 {[%emt 0:00:29]} 32. Ke4 {[%emt 0:00:28]} bxc4 {[%emt 0:00:43]} 33. bxc4 {[%emt 0:00:21]} Qe7+ {[%emt 0:00:22]} 34. Kd3 {[%emt 0:00:22]} Qa3+ {[%emt 0:00:21]} 35. Qc3 {[%emt 0:00:22]} Qd6 {[%emt 0:00:36]} 36. Kc2 {[%emt 0:00:46]} Kf8 {[%emt 0:00:59]} 37. Kb3 {[%emt 0:00:25]} Ke8 {[%emt 0:01:07]} 38. Qe3+ {[%emt 0:00:26]} Kd7 {[%emt 0:00:46]} 39. Qe5 {[%emt 0:00:30]} f6 {[%emt 0:00:37]} 40. Qxd6+ {[%emt 0:01:03]} Kxd6 {[%emt 0:00:21]} 41. Ka4 {[%emt 0:30:21]} Kc7 {[%emt 0:30:28]} 42. Ka5 {[%emt 0:00:27]} Kb7 {[%emt 0:00:21]} 43. d5 {[%emt 0:00:57]} cxd5 {[%emt 0:00:24]} 44. cxd5 {[%emt 0:00:20]} Kc7 {[%emt 0:00:33]} 45. Ka6 {[%emt 0:00:21]} Kd6 {[%emt 0:00:22]} 46. Kxa7 {[%emt 0:00:21]} Kxd5 {[%emt 0:00:21]} 47. Kb7 {[%emt 0:00:21]} Ke5 {[%emt 0:00:54]} 48. Kc6 {[%emt 0:00:28]} Kf4 {[%emt 0:01:41]} 49. Kd6 {[%emt 0:00:22]} h5 {[%emt 0:01:01]} 50. gxh5 {[%emt 0:00:21]} Kxf5 {[%emt 0:00:21]} 51. Kd5 {[%emt 0:00:21]} 1-0

[Event "ARM-ch Rapid 2019"]
[Site "Yerevan"]
[Date "2019.01.23"]
[Round "6.10"]
[White "Babujian, Levon"]
[Black "Vardanian, Haik V."]
[Result "1-0"]
[WhiteElo "2488"]
[BlackElo "2234"]
[PlyCount "99"]
[EventDate "2019.01.22"]
[EventType "tourn"]
[EventCountry "ARM"]
[TimeControl "40/5400+30:1800+30"]
[WhiteClock "0:00:12"]
[BlackClock "0:09:48"]

1. d4 {[%emt 1:15:12]} Nf6 {[%emt 1:15:16]} 2. Bg5 {[%emt 0:00:21]} d5 {[%emt 0:00:30]} 3. Bxf6 {[%emt 0:00:23]} exf6 {[%emt 0:00:24]} 4. e3 {[%emt 0:00:22]} Bd6 {[%emt 0:01:16]} 5. c4 {[%emt 0:00:21]} dxc4 {[%emt 0:00:34]} 6. Bxc4 {[%emt 0:00:26]} f5 {[%emt 0:00:41]} 7. Nc3 {[%emt 0:00:24]} O-O {[%emt 0:00:24]} 8. Nf3 {[%emt 0:00:30]} Nd7 {[%emt 0:00:39]} 9. O-O {[%emt 0:00:29]} Nf6 {[%emt 0:00:43]} 10. Rc1 {[%emt 0:00:21]} h6 {[%emt 0:01:06]} 11. Nb5 {[%emt 0:00:23]} c6 {[%emt 0:00:53]} 12. Nxd6 {[%emt 0:00:22]} Qxd6 {[%emt 0:00:22]} 13. Ne5 {[%emt 0:00:23]} Be6 {[%emt 0:00:46]} 14. Qb3 {[%emt 0:00:22]} Rab8 {[%emt 0:01:07]} 15. Rfd1 {[%emt 0:00:40]} Nd5 {[%emt 0:01:23]} 16. a3 {[%emt 0:01:04]} Nb6 {[%emt 0:02:16]} 17. Bxe6 {[%emt 0:00:29]} fxe6 {[%emt 0:00:53]} 18. Qc3 {[%emt 0:00:38]} Nd7 {[%emt 0:01:13]} 19. Nc4 {[%emt 0:01:00]} Qd5 {[%emt 0:01:10]} 20. f3 {[%emt 0:00:37]} Nf6 {[%emt 0:01:00]} 21. Ne5 {[%emt 0:00:30]} Rfd8 {[%emt 0:00:30]} 22. b4 {[%emt 0:00:30]} Nd7 {[%emt 0:00:55]} 23. Ng6 {[%emt 0:00:29]} Kf7 {[%emt 0:00:46]} 24. Nf4 {[%emt 0:00:31]} Qd6 {[%emt 0:00:24]} 25. Qb3 {[%emt 0:00:28]} a6 {[%emt 0:00:59]} 26. a4 {[%emt 0:00:22]} g5 {[%emt 0:01:14]} 27. Nd3 {[%emt 0:00:21]} Qd5 {[%emt 0:00:28]} 28. Qb2 {[%emt 0:00:51]} Nb6 {[%emt 0:01:09]} 29. Nc5 {[%emt 0:01:07]} Nc4 {[%emt 0:01:42]} 30. Qe2 {[%emt 0:00:29]} Nb6 {[%emt 0:01:07]} 31. b5 {[%emt 0:00:57]} axb5 {[%emt 0:00:34]} 32. axb5 {[%emt 0:00:21]} cxb5 {[%emt 0:01:05]} 33. Qxb5 {[%emt 0:00:33]} Nd7 {[%emt 0:00:37]} 34. e4 {[%emt 0:00:23]} Qc6 {[%emt 0:01:30]} 35. Qb3 {[%emt 0:00:21]} f4 {[%emt 0:01:27]} 36. Nd3 {[%emt 0:01:07]} Qd6 {[%emt 0:00:28]} 37. Rc4 {[%emt 0:01:15]} Rdc8 {[%emt 0:00:23]} 38. Rb4 {[%emt 0:01:09]} b6 {[%emt 0:00:30]} 39. Nf2 {[%emt 0:00:50]} Rc7 {[%emt 0:00:30]} 40. h4 {[%emt 0:00:28]} Rbc8 {[%emt 0:00:23]} 41. hxg5 {[%emt 0:30:23]} hxg5 {[%emt 0:30:21]} 42. Rb5 {[%emt 0:00:23]} Rc3 {[%emt 0:00:36]} 43. Qb1 {[%emt 0:00:36]} Qa3 {[%emt 0:00:34]} 44. Nd3 {[%emt 0:02:17]} Kg6 {[%emt 0:00:20]} 45. d5 {[%emt 0:00:58]} Qa4 {[%emt 0:00:46]} 46. dxe6 {[%emt 0:00:37]} Nc5 {[%emt 0:00:48]} 47. Nxc5 {[%emt 0:00:36]} R8xc5 {[%emt 0:00:26]} 48. e5+ {[%emt 0:00:36]} Kh6 {[%emt 0:00:21]} 49. Rxb6 {[%emt 0:00:33]} Qc2 {[%emt 0:00:49]} 50. Qxc2 {[%emt 0:00:24]} 1-0